L' A B C des personnages d'animés - Statistiques

Statistiques générales
  • Ce quiz a été pris 384 fois
    373 depuis la dernière actualisation
  • Le résultat moyen est 29 sur 127
Statistiques - réponses
Hint Réponse % Correct
Black Clover A Asta / Augustus Clover
77%
N Natsu / Nab / Nobarly / Nalpuding / Neinhart
70%
L Lucy / Luxus / Loki / Lily / Lisanna / Lucky / Leon / Lecter / Lamy
67%
N Naruto / Nagato / Neji / Neijire
65%
G Gon / Ging / Goto / Guido / Goreinu
64%
E Erza / Elfman / Evergreen / Eligoal / Eave / Ezel / Eileen
63%
S Saï / Sakura / Sasuke / Sari / Shiba / Shikamaru
61%
G Grey / Gajil / Gildarts / Golmine / Gomon / God Serena
60%
M Mikasa / Marco / Mike / Mina
59%
E Eren / Erwin
57%
K Kirua / Kurapiko / Kaito / Knuckle / Kuroro / Karuto / Kanaria / Kurotopi
56%
G Gosh / Gordon / Grey
55%
J Jiraya / Jubi / Jinpachi / Jiga
55%
Shingeki No Kyojin A Armin / Annie
51%
H Happy / Hibiki / Hote-eye / Hades
48%
M Madara / Maki / Minato / Mu
47%
O Obito / Orochimaru / Omoi / Oboro / Oyone
46%
H Hisame / Hidan / Hanzo / Haku / Hinata
45%
L Livai
45%
M Makarof / Mavis / Minerva / Mirajane / Meldy / Millianna / Midnight
45%
R Reby / Readers / Rob / Roméo / Ren / Rog / Rufus / Risley / Racer
45%
Y Yami / Yuno
44%
I Itachi / Indra / Io
41%
K Kabuto / Kaguya / Kankuro / Kiba / Killer B / Kisame / Konan / Kurama
40%
My Hero Academia A Allmight / All for one
39%
H Hisoka / Hanzo
39%
L Leolio
39%
J Jade / Jett / Jubia / José / Jenny / Jellal / Jera / Jerome / Jackal
38%
T Tobi / Tenten / Temari / Tobirama /
38%
G Gaara / Gai / Genma / Guren
37%
C Connie / Christa
36%
J Jean
36%
D Deidara / Darui / Danzo / Dodaï
35%
S Sasha / Sophia
35%
W Wakaba / Wendy / Warcry / Wall
34%
Fairy Tail A Arzak / Arlock / Abel / Angel / Azuma / Acnologia / Ajeel / August
33%
C Carla / Cherry / Cherrya / Cobra / Cosmos
32%
Z Zeleph / Zancrow / Zoldio
32%
Z Zetsu / Zabuza
32%
B Bertolt
30%
R Reiner / Rico / Rhodes
30%
N Noelle / Nebra / Nero / Nozel
29%
M Morau / Meruem / Menchi / Mito / Miruki / Machi / monutyupi
28%
S Sting / Seila / Silver / Samuel / Simon
27%
Y Ymir
27%
C Choji / Chuchiki / Chogo
26%
K Kanna / Kinana / Kagura / Kurohebi / Keith / Kyoka
26%
E Eijiro Kirishima / Ectoplasm / Eri / Edge Shot / Endeavor / Eraser Head
25%
G Gaby / Grisha / Gal
25%
I Ibara Shiozaki / Izuku Midoriya
25%
P Pixis / Petra / Peak / Porco
24%
U Ul / Ultia / Uosuke
24%
K Kurosaki / Kuchiki / Kon / Komamura / Koga / Kurotsuchi / Kyoraku
23%
K Kyoka Jiro / Katsuki Bakugo / Koji Koda / Kota Izumi
23%
S Shoto Todoroki / Stain / Snipe
23%
I Ichiya / Ivan / Imitatia / Ignir / Invel
21%
L Luck / Licht / Leopold / Lemiel / Langris / Lily
21%
Bleach A Aizen / Abarai / Aaroniero / Ashisogi Jizo
20%
Naruto A Akamaru / Anko / Ashina / Ayame
20%
D D-6 / Dimaria / Dan / Deliora
20%
D Dieu Sylvestre / Dabi / Denki Kaminari
20%
R ranmaru / Rock Lee /
19%
B Biska / Bixlow / Bob / Bloodman / Bacchus / Braiya / Brandish
18%
F Fried / Frosh / Flair / Franmars
16%
M Mimosa / Meraleona / Magna / Mary / Marx
16%
F Falco
15%
F Fuegoleon / Finral / Fana
15%
I Irumi
15%
N Nove / Neferupito / nobunaga
15%
F Franklin / Feitan
14%
H Hitoshi Shinso / Hawks / Himiko Toga / Hanta Sero
14%
B Beans / Biscuit / Bonorenof / Burovuta / Bodoro
13%
K Kenny
13%
S Sharnalk / Shoot / Silva / Sadaso / Shizuku / Shauapufu / Senritsu
13%
U Ulquiorra / Ugaki / Unohana / Ukitake / Urahara
13%
Z Zeno / Zushi / Zazan
13%
C Charlotte Roselei / Charmy
11%
J Julius / Jack l'éventreur
11%
O Ochaco Uraraka / Overhaul
10%
P Pamu / Pokkuru / Pariston / Ponzu / Phinks / Pakunoda
10%
V Vanessa / Vet / Valtos
10%
Y Yammy / Yoruichi / Yamamoto / Yachiru / Yumichika / Yochino / Yoshi
10%
Y Yuka / Yukino / Yazir
10%
G Genryusai Yamamoto / Gin Ichimaru / Grimmjow
9%
O Orihime
9%
U Utakata / udon
9%
Hunter X Hunter A Aruka
8%
M Mirio Togata / Mina Ashido / Minoru Mineta / Mountlady / Mezo Shoji
8%
S Sado / Soi Fon / Shinji / Stark / Shusuke / Sawatari / Sode no Shirayuki
8%
T Toru Hagakure / Tenya Iida / Tsuyu Asui / Tomura Sigaraki
8%
Z Zangetsu / Zabimaru / Zaraki
8%
F Fumikage Tokoyami / Fat Gum
7%
H Hannes / Hanje
7%
U Uvogin
7%
B Best Jeanist / Blackmist
6%
G Gunhead / Gran Torino / Gentle / Gang Orca
6%
H Hitsugaya / Hinamori / Hisagi / Hiyori / Hachigen / Hyorinmaru
6%
I Inoue / Ichimaru / Ikkaku / Ichida
6%
M Matsumoto / Mashiro / Menoly / Marechiyo
6%
U Udo
6%
H Henry / Hamon
5%
K Klaus / Kahono / Kiato
4%
O Ohba Baba / Orga / Ohbra
4%
S Sol / Sekke / Sally
4%
T Tessai / Tosen / Tsubaki / tesla / Tobiume
4%
D Dorothy
3%
L Lililn / Lilynette / Luppy / Love / Luppi
3%
N Nanao / Noitra / Nova / Neilliel
3%
N Nejire Hado / Numéro 13
3%
P Polyussica
3%
R Rikido Sato / Ryukyu / Recovery Girl
3%
R Ryah / Rades / Reine des sorcières
3%
T Toby / Tempester
3%
V Vegeta / Vaislogia
3%
W William Vengeance
3%
Y Yuga Aoyama
3%
P Present Mic
2%
C Cementos
1%
L Love Lover / Lock Lock
1%
V Vlad King
1%
W Wabisuke
1%
C Chiidoru
0%
D Dondochakka /
0%
P Pesshe
0%
R Ran Tao / Ruri'iro Kujaku
0%
R Riluberto
0%
T Teradin / Togari
0%
Aucun quiz correspondant
Distribution des résultats
% des personnes avec chaque résultat
Percentile par nombre de réponses
Votre historique - résultats
Vous n’avez pas pris ce quiz depuis la dernière actualisation